[Event "World Rapid Women 2025"]
[Site "Doha QAT"]
[Date "2025.12.26"]
[Round "1.42"]
[White "Gunina, Valentina"]
[Black "Rakshitta, Ravi"]
[Result "1-0"]
[WhiteTitle "GM"]
[BlackTitle "WGM"]
[WhiteElo "2393"]
[BlackElo "2381"]
[WhiteFideId "4167570"]
[BlackFideId "25073230"]
[EventDate "2025.12.26"]

1. e4 e6 2. d4 d5 3. e5 c5 4. c3 Nc6 5. Nf3 Bd7 6. a3 c4 7. Be2 Na5 8. Nbd2 Ne7
9. O-O Nf5 10. Rb1 Be7 11. Qe1 Ba4 12. Bd1 Bxd1 13. Qxd1 Qc7 14. Re1 b5 15. Nf1
Nb3 16. Bf4 h6 17. Ne3 Nxe3 18. Rxe3 a5 19. Nd2 Nxd2 20. Qxd2 b4 21. axb4 axb4
22. Rg3 g5 23. Be3 Ra2 24. Qd1 Qa5 25. cxb4 Bxb4 26. h3 Qa4 27. b3 cxb3 28. Qxb3
Qxb3 29. Rxb3 Ra4 30. Rf3 O-O 31. Kh2 Rc8 32. h4 g4 33. Rf6 Rc3 34. Rb1 h5 35.
Rh6 g3+ 36. Kxg3 Be7 37. Rb8+ Kg7 38. Rhh8 f6 39. Kh2 fxe5 40. dxe5 Rxh4+ 41.
Kg1 d4 42. Bh6+ Kg6 43. Rbe8 Rc7 44. f3 d3 45. Kf2 Ra4 46. Reg8+ Kf5 47. Bd2
Bc5+ 48. Kg3 Kxe5 49. Rxh5+ Kd6 50. Rd8+ Kc6 51. Rxd3 Rg7+ 52. Kh3 Bd6 53. g4
Ra1 54. Kg2 Rga7 55. Rh6 Re7 56. Bg5 Ra2+ 57. Kf1 Re8 58. Rc3+ Kb5 59. Rh7 Rb8
60. Rd7 Bc5 61. Rb3+ Kc6 62. Rxb8 Kxd7 63. Rd8+ Kc6 64. Bd2 e5 65. Ke2 Bb4 66.
Rd3 Kc5 67. Ke3 Bxd2+ 68. Rxd2 Ra4 69. g5 Rh4 70. g6 Rh8 71. Ke4 Rg8 72. Kf5
Rf8+ 73. Kxe5 Rxf3 74. Rg2 Re3+ 75. Kf6 Rf3+ 76. Kg5 Rd3 77. g7 Rd5+ 78. Kh6
Rd6+ 79. Rg6 1-0

[Event "World Rapid Women 2025"]
[Site "Doha QAT"]
[Date "2025.12.26"]
[Round "1.43"]
[White "Mikheeva, Galina"]
[Black "Zhu, Chen"]
[Result "1-0"]
[WhiteTitle "FM"]
[BlackTitle "GM"]
[WhiteElo "2122"]
[BlackElo "2423"]
[WhiteFideId "44108320"]
[BlackFideId "8600546"]
[EventDate "2025.12.26"]

1. e4 c6 2. d4 d5 3. Bd3 dxe4 4. Bxe4 Nf6 5. Bf3 Bf5 6. g4 Bg6 7. h4 h6 8. h5
Bh7 9. Ne2 Qd7 10. Ng3 Na6 11. c3 O-O-O 12. g5 Nd5 13. Na3 hxg5 14. Bxg5 f6 15.
Bd2 e5 16. dxe5 Bxa3 17. bxa3 Qe7 18. O-O fxe5 19. Qe2 Rhe8 20. Rfe1 Nc5 21. c4
Bd3 22. Qxe5 Qxe5 23. Rxe5 Rxe5 24. cxd5 cxd5 25. Bg4+ Nd7 26. Rc1+ Bc4 27. Bf4
Rde8 28. Bxe5 Rxe5 29. Nf5 Kb8 30. f4 Re4 31. Nxg7 Nf6 32. h6 Rxf4 33. Be6 Rh4
34. Nf5 Rh5 1-0

[Event "World Rapid Women 2025"]
[Site "Doha QAT"]
[Date "2025.12.26"]
[Round "1.44"]
[White "Maltsevskaya, Aleksandra"]
[Black "Wafa, Shahenda"]
[Result "1-0"]
[WhiteTitle "IM"]
[BlackTitle "WGM"]
[WhiteElo "2398"]
[BlackElo "2074"]
[WhiteFideId "24174041"]
[BlackFideId "10609962"]
[EventDate "2025.12.26"]

1. e4 c5 2. Nf3 Nc6 3. Bb5 g6 4. O-O Bg7 5. d3 e5 6. Bxc6 dxc6 7. Nbd2 Be6 8.
Nc4 Qc7 9. a4 Bxc4 10. dxc4 Ne7 11. Be3 b6 12. a5 O-O 13. Qd2 Rad8 14. axb6 axb6
15. Qc1 Nc8 16. Bh6 f6 17. b3 Nd6 18. Re1 b5 19. Bxg7 Kxg7 20. Qe3 Qb6 21. cxb5
cxb5 22. Red1 Qc6 23. Rd5 Nb7 24. c4 Rxd5 25. exd5 Qb6 26. h4 bxc4 27. bxc4 Nd6
28. Nd2 Nf5 29. Qa3 Nxh4 30. Rb1 Qc7 31. Ne4 Nf5 32. Nxc5 1-0

[Event "World Rapid Women 2025"]
[Site "Doha QAT"]
[Date "2025.12.26"]
[Round "1.45"]
[White "Aydin, Gulenay"]
[Black "Mammadova, Gulnar"]
[Result "1-0"]
[WhiteTitle "WIM"]
[BlackTitle "IM"]
[WhiteElo "2259"]
[BlackElo "2330"]
[WhiteFideId "34557431"]
[BlackFideId "13403508"]
[EventDate "2025.12.26"]

1. e4 g6 2. d4 Bg7 3. Nf3 d6 4. Nc3 e6 5. Be3 Nd7 6. Bc4 Ne7 7. O-O b6 8. Re1
Bb7 9. Qd2 h6 10. Bf4 g5 11. Bg3 Ng6 12. h3 O-O 13. d5 e5 14. Nd1 Nf6 15. Bd3
Nf4 16. Ne3 Bc8 17. h4 N6h5 18. hxg5 hxg5 19. Nh2 g4 20. Nhxg4 Qg5 21. Qd1 Nxd3
22. cxd3 f5 23. exf5 Nxg3 24. fxg3 Bxf5 25. Nxf5 Qxf5 26. Qe2 e4 27. Qxe4 Rae8
28. Qxe8 Rxe8 29. Rxe8+ Kh7 30. Re4 Qxd5 31. Nf2 Be5 32. Rg4 Bxb2 33. Re1 Bf6
34. Kh2 c5 35. Rh1 Bg7 36. Ne4 Qe5 37. Kg1+ Kg8 38. Rh5 Qd4+ 39. Kh2 Kf8 40.
Rf5+ Ke7 41. Rgf4 Be5 42. Rf7+ Kd8 43. Rg4 Ke8 44. Rh7 Qd5 45. Rg5 Kf8 46. Rf5+
Kg8 47. Nf6+ Bxf6 1-0

[Event "World Rapid Women 2025"]
[Site "Doha QAT"]
[Date "2025.12.26"]
[Round "1.46"]
[White "Yu, Jennifer"]
[Black "Luong Phuong Hanh"]
[Result "1-0"]
[WhiteTitle "FM"]
[BlackTitle "WIM"]
[WhiteElo "2276"]
[BlackElo "2236"]
[WhiteFideId "2078341"]
[BlackFideId "12401013"]
[EventDate "2025.12.26"]

1. c4 e6 2. Nc3 d5 3. e3 Nf6 4. Nf3 c5 5. cxd5 Nxd5 6. d4 Nc6 7. Bb5 cxd4 8.
exd4 Nxc3 9. bxc3 Bd7 10. O-O Be7 11. Bd3 O-O 12. c4 Bf6 13. Bb2 Qa5 14. Rb1 Ne7
15. d5 Bxb2 16. Rxb2 exd5 17. Rxb7 Ba4 18. Bxh7+ Kxh7 19. Ng5+ Kg8 20. Qd3 Ng6
21. Qh3 Nh4 22. Qxh4 Bc2 23. Qd4 Qa6 24. Qxd5 Rad8 25. Qf3 Bg6 26. Re7 Qxa2 27.
Qc3 Rd6 28. c5 Rc6 29. Qe3 Qd5 30. Re5 Qd8 31. Qf3 Qc8 32. Qd5 a5 33. Rfe1 a4
34. h4 Qa8 35. Re7 Rcc8 36. Qd4 Rfd8 37. Qg4 Rxc5 38. h5 Bf5 39. Qg3 Rf8 40.
Nxf7 Rxf7 41. Re8+ Qxe8 42. Rxe8+ Kh7 43. Qb8 Kh6 44. Qd6+ 1-0

[Event "World Rapid Women 2025"]
[Site "Doha QAT"]
[Date "2025.12.26"]
[Round "1.47"]
[White "Olde, Margareth"]
[Black "Padmini, Rout"]
[Result "0-1"]
[WhiteTitle "WIM"]
[BlackTitle "IM"]
[WhiteElo "2214"]
[BlackElo "2354"]
[WhiteFideId "4503082"]
[BlackFideId "5029295"]
[EventDate "2025.12.26"]

1. d4 Nf6 2. c4 c5 3. d5 b5 4. cxb5 a6 5. e3 g6 6. Nc3 Bg7 7. Nf3 O-O 8. e4 d6
9. h3 axb5 10. Bxb5 Nxe4 11. Bd2 Nxd2 12. Nxd2 Bb7 13. Nc4 Nd7 14. Bxd7 Qxd7 15.
Nb6 Qf5 16. Nxa8 Bxc3+ 17. bxc3 Qe5+ 18. Kf1 Rxa8 19. c4 Ra3 20. h4 Ba6 21. Rc1
Rxa2 22. Rh3 Qb2 23. Qe1 Bxc4+ 24. Kg1 Bxd5 25. Re3 e6 26. h5 Qf6 27. h6 Qg5 28.
Rg3 Qxh6 29. Rd1 Qh5 30. Re3 Qf5 31. f3 Qc2 32. Qf1 Bc4 0-1

[Event "World Rapid Women 2025"]
[Site "Doha QAT"]
[Date "2025.12.26"]
[Round "1.48"]
[White "Nurman, Alua"]
[Black "Kirtadze, Anastasia"]
[Result "1-0"]
[WhiteTitle "WGM"]
[BlackTitle "WIM"]
[WhiteElo "2367"]
[BlackElo "2281"]
[WhiteFideId "13729390"]
[BlackFideId "13622714"]
[EventDate "2025.12.26"]

1. e4 c5 2. Nf3 e6 3. Nc3 Nc6 4. Bb5 Nd4 5. O-O a6 6. Bd3 Nxf3+ 7. Qxf3 d6 8.
Ne2 Nf6 9. c3 e5 10. Bc2 Qc7 11. Ng3 h5 12. h3 Be6 13. d3 h4 14. Nf5 Bxf5 15.
Qxf5 Be7 16. Be3 Rh5 17. Qf3 g5 18. Bd1 Qd7 19. d4 O-O-O 20. dxe5 dxe5 21. Bb3
g4 22. hxg4 Qxg4 23. Bxf7 Qxf3 24. gxf3 Rh7 25. Be6+ Kc7 26. Rad1 Bd6 27. Kh2
Re8 28. Bf5 Rg7 29. Rg1 Rge7 30. Rg6 Rf7 31. Bg5 Be7 32. Be6 Rff8 33. Bh6 Rd8
34. Bxf8 Rxf8 35. Rg7 Re8 36. Bf7 Rf8 37. Bg6 Ng8 38. Bh7 1-0

[Event "World Rapid Women 2025"]
[Site "Doha QAT"]
[Date "2025.12.26"]
[Round "1.49"]
[White "Dwilewicz, Katarzyna"]
[Black "Omonova, Umida"]
[Result "1/2-1/2"]
[WhiteTitle "WFM"]
[BlackTitle "WIM"]
[WhiteElo "2185"]
[BlackElo "2294"]
[WhiteFideId "1148486"]
[BlackFideId "14210363"]
[EventDate "2025.12.26"]

1. e4 e5 2. Bc4 Nc6 3. Nc3 Nf6 4. d3 Bc5 5. f4 d6 6. Nf3 h6 7. Na4 Bb6 8. Nxb6
axb6 9. O-O Qe7 10. c3 Be6 11. Bxe6 Qxe6 12. f5 Qd7 13. b4 b5 14. a4 Ne7 15. a5
Nc6 16. Be3 d5 17. exd5 Nxd5 18. Bd2 O-O 19. Nh4 Nf6 20. Rf3 Nxb4 21. cxb4 Qd4+
22. Be3 Qxh4 23. Bc5 Rfe8 24. Qf1 Nd5 25. Re1 b6 26. axb6 cxb6 27. Re4 Qd8 28.
Bf2 Ra2 29. Bh4 f6 30. d4 Qa8 31. dxe5 Ra1 32. Be1 Rxe5 33. Rxe5 fxe5 34. Qe2
Qe8 35. h3 Kh7 36. Kh2 e4 37. Rf1 Nf6 38. g4 e3 39. Rf3 Nd5 40. f6 Nxf6 41. Rxe3
Qg6 42. Qxb5 Rd1 43. Qe2 Rc1 44. Bf2 Nd5 45. Re6 Qb1 46. Qe4+ Qxe4 47. Rxe4 Rc2
48. Kg3 b5 49. Re5 Rc3+ 50. Kh2 Nf4 51. Rxb5 Rxh3+ 52. Kg1 Rb3 53. Rb7 Rb2 54.
Rxg7+ Kh8 55. Rf7 Rxb4 56. Be3 Ng6 57. Bxh6 Rxg4+ 58. Kf2 Ne5 59. Rb7 Kg8 60.
Rg7+ Rxg7 61. Bxg7 Kxg7 1/2-1/2

[Event "World Rapid Women 2025"]
[Site "Doha QAT"]
[Date "2025.12.26"]
[Round "1.50"]
[White "Mungunzul, Bat-Erdene"]
[Black "Parnali, S Dharia"]
[Result "1-0"]
[WhiteTitle "WIM"]
[BlackTitle "WIM"]
[WhiteElo "2350"]
[BlackElo "2150"]
[WhiteFideId "4902831"]
[BlackFideId "5043131"]
[EventDate "2025.12.26"]

1. d4 d5 2. c4 e6 3. Nf3 Nf6 4. Bg5 Be7 5. Nc3 O-O 6. e3 c6 7. Bd3 Nbd7 8. Rc1
dxc4 9. Bxc4 b5 10. Bd3 Bb7 11. O-O a6 12. Bxf6 Bxf6 13. Ne4 Qe7 14. Nc5 Nxc5
15. Rxc5 Rac8 16. Be4 h6 17. Qc2 Qd7 18. Rc1 Rfd8 19. h3 Qd6 20. Bxc6 Bxc6 21.
Rxc6 Rxc6 22. Qxc6 Qb4 23. Rc2 a5 24. Qc5 Qxc5 25. Rxc5 Rb8 26. Kf1 Kf8 27. Ke2
Rb7 28. e4 g6 29. Kd3 h5 30. Nd2 Bd8 31. Rc8 Ke7 32. Nb3 Bb6 33. f3 Kd7 34. Rc2
Ke7 35. Rc6 a4 36. Nc5 Bxc5 37. Rxc5 Kd6 38. Kc3 b4+ 39. Kc4 b3 40. a3 f6 41. f4
f5 42. e5+ Ke7 43. h4 Ke8 44. g3 Ke7 45. Kd3 Ra7 46. Rc4 Kd7 47. Kc3 Ra6 48. Kb4
Ra7 49. Kb5 Ra8 50. Rxa4 Rb8+ 51. Kc4 Rb7 52. Rb4 1-0

[Event "World Rapid Women 2025"]
[Site "Doha QAT"]
[Date "2025.12.26"]
[Round "1.51"]
[White "Jimenez Fernandez, Rebeca"]
[Black "Tokhirjonova, Gulrukhbegim"]
[Result "0-1"]
[WhiteTitle "WFM"]
[BlackTitle "IM"]
[WhiteElo "2137"]
[BlackElo "2372"]
[WhiteFideId "32070934"]
[BlackFideId "14203626"]
[EventDate "2025.12.26"]

1. e4 e5 2. Nf3 Nc6 3. Bb5 a6 4. Ba4 Nf6 5. O-O Be7 6. Re1 b5 7. Bb3 O-O 8. a4
b4 9. d4 d6 10. d5 Na5 11. Nbd2 Nxb3 12. cxb3 Bb7 13. Nc4 c6 14. dxc6 Bxc6 15.
Nfd2 a5 16. f3 Qb8 17. Nf1 Rd8 18. Qe2 h6 19. Ng3 Bf8 20. Nf5 Re8 21. Be3 d5 22.
exd5 Nxd5 23. Bf2 Nf4 24. Qf1 Re6 25. Bg3 Qa7+ 26. Kh1 Rae8 27. Nxe5 Rxe5 28.
Rxe5 Rxe5 29. Nh4 g5 30. Bxf4 gxf4 31. Qc4 Qe3 32. h3 Bc5 33. Rd1 Qe1+ 0-1

[Event "World Rapid Women 2025"]
[Site "Doha QAT"]
[Date "2025.12.26"]
[Round "1.52"]
[White "Badelka, Olga"]
[Black "Miranda Rodriguez, Tania"]
[Result "1-0"]
[WhiteTitle "IM"]
[BlackTitle "WIM"]
[WhiteElo "2395"]
[BlackElo "2051"]
[WhiteFideId "13509926"]
[BlackFideId "3510417"]
[EventDate "2025.12.26"]

1. c4 e5 2. Nc3 Nc6 3. g3 h5 4. Nf3 Bc5 5. e3 d6 6. Bg2 a6 7. d4 exd4 8. exd4
Qe7+ 9. Be3 Bb4 10. O-O Bxc3 11. bxc3 Bg4 12. Re1 Qd7 13. Rb1 Rb8 14. d5 Ne5 15.
Nxe5 dxe5 16. f3 Bf5 17. Ba7 Bxb1 18. Bxb8 Bf5 19. Rxe5+ Kf8 20. d6 c6 21. Rxf5 1-0

[Event "World Rapid Women 2025"]
[Site "Doha QAT"]
[Date "2025.12.26"]
[Round "1.53"]
[White "Rouda Essa, Alserkal"]
[Black "Cori T., Deysi"]
[Result "1/2-1/2"]
[WhiteTitle "WGM"]
[BlackTitle "IM"]
[WhiteElo "2052"]
[BlackElo "2349"]
[WhiteFideId "9314318"]
[BlackFideId "3801934"]
[EventDate "2025.12.26"]

1. e4 e6 2. d4 d5 3. Nc3 Nf6 4. e5 Nfd7 5. f4 c5 6. Nf3 Be7 7. Be3 O-O 8. Qd2 b6
9. g4 f6 10. exf6 Nxf6 11. g5 cxd4 12. Nxd4 Ng4 13. h4 Bc5 14. Bg1 Qd6 15. Ncb5
Qxf4 16. Qxf4 Rxf4 17. Ne2 Rf7 18. Bxc5 bxc5 19. Nd6 Ne3 20. Nxf7 Kxf7 21. Rc1
Nc6 22. c3 Ne5 23. Kf2 N3c4 24. Nf4 Rb8 25. b3 Nd6 26. Bg2 Ng4+ 27. Kf3 Ne5+ 28.
Ke2 Ba6+ 29. Kd2 Ke7 30. Rce1 Ndf7 31. h5 Kd6 32. g6 hxg6 33. hxg6 Ng5 34. Kc2
Rf8 35. Rh4 Rf6 36. Rd1 Ngf3 37. Bxf3 Nxf3 38. Rg4 Ne5 39. Rh4 Nf3 40. Rg4 Ne5
41. Rh4 Nf3 42. Rg4 1/2-1/2

[Event "World Rapid Women 2025"]
[Site "Doha QAT"]
[Date "2025.12.26"]
[Round "1.54"]
[White "Zhang, Lanlin"]
[Black "Zvereva, Marija"]
[Result "1-0"]
[WhiteTitle "WIM"]
[BlackTitle "WIM"]
[WhiteElo "2291"]
[BlackElo "2007"]
[WhiteFideId "8608032"]
[BlackFideId "4121082"]
[EventDate "2025.12.26"]

1. e4 c5 2. Nf3 Nc6 3. Bb5 g6 4. O-O Bg7 5. c3 e5 6. Re1 Nge7 7. d4 exd4 8. cxd4
Nxd4 9. Nxd4 Bxd4 10. Nc3 O-O 11. Bg5 f6 12. Bh6 Re8 13. Qb3+ Kh8 14. Qf7 Rg8
15. Rad1 Nc6 16. Bxc6 dxc6 17. e5 Bg4 18. Rxd4 cxd4 19. exf6 1-0

[Event "World Rapid Women 2025"]
[Site "Doha QAT"]
[Date "2025.12.26"]
[Round "1.55"]
[White "Fawaz, Nadia"]
[Black "Balajayeva, Khanim"]
[Result "0-1"]
[WhiteTitle "WFM"]
[BlackTitle "IM"]
[WhiteElo "1957"]
[BlackElo "2351"]
[WhiteFideId "5309743"]
[BlackFideId "13406396"]
[EventDate "2025.12.26"]

1. e4 e5 2. Nf3 Nc6 3. Bc4 Nf6 4. d3 Bc5 5. c3 d6 6. b4 Bb6 7. a4 a5 8. b5 Ne7
9. h3 Ng6 10. O-O O-O 11. Re1 c6 12. Na3 d5 13. exd5 cxd5 14. Bb3 Re8 15. Bg5 h6
16. Bxf6 gxf6 17. d4 e4 18. Nh2 Nf4 19. Qd2 Bc7 20. c4 Kh7 21. Re3 Rg8 22. Rg3
Nxh3+ 23. Kh1 Nxf2+ 24. Qxf2 Bxg3 25. Qe3 f5 26. cxd5 Qh4 27. Qg1 Rg5 28. Bd1 f4
29. Nc2 f3 30. Ra3 f2 0-1

[Event "World Rapid Women 2025"]
[Site "Doha QAT"]
[Date "2025.12.26"]
[Round "1.56"]
[White "Kiolbasa, Oliwia"]
[Black "Charvi A"]
[Result "1-0"]
[WhiteTitle "IM"]
[BlackTitle "WFM"]
[WhiteElo "2397"]
[BlackElo "2270"]
[WhiteFideId "1154613"]
[BlackFideId "25165518"]
[EventDate "2025.12.26"]

1. e4 c5 2. Nc3 d6 3. Bb5+ Bd7 4. Bxd7+ Qxd7 5. d4 cxd4 6. Qxd4 Nc6 7. Qd3 Nf6
8. Bg5 h6 9. Bxf6 exf6 10. O-O-O Be7 11. Nd5 O-O 12. Ne2 Rfe8 13. Ng3 Bf8 14.
Nf5 Kh7 15. f4 Qd8 16. Rhe1 Kh8 17. h4 Qa5 18. Kb1 Nb4 19. Nxb4 Qxb4 20. Qd5 Kg8
21. Re3 Qc5 22. Qb3 Qc7 23. Rg3 Kh7 24. Qd3 Kh8 25. Qf3 Qc6 26. Nxh6 Qxe4 27.
Nxf7+ Kg8 28. Qh5 Qh7 29. Qd5 Qe4 30. Nh6+ Kh7 31. Qh5 Qe7 32. Nf5+ 1-0

[Event "World Rapid Women 2025"]
[Site "Doha QAT"]
[Date "2025.12.26"]
[Round "1.57"]
[White "Karimova, Guldona"]
[Black "Shvedova, Alexandra"]
[Result "1-0"]
[WhiteTitle "WIM"]
[BlackTitle "WIM"]
[WhiteElo "2288"]
[BlackElo "2255"]
[WhiteFideId "14210410"]
[BlackFideId "54154782"]
[EventDate "2025.12.26"]

1. e4 c5 2. Nf3 d6 3. d4 cxd4 4. Nxd4 Nf6 5. Nc3 a6 6. f3 e5 7. Nb3 Be7 8. Be3
Be6 9. Qd2 O-O 10. O-O-O Nbd7 11. g4 b5 12. g5 Nh5 13. Kb1 Nb6 14. Na5 Rc8 15.
Nd5 Nxd5 16. exd5 Bxd5 17. Qxd5 Qxa5 18. c4 Nf4 19. Bxf4 exf4 20. h4 Qa4 21. Rc1
Rfe8 22. Bd3 g6 23. cxb5 axb5 24. Bxb5 Qa5 25. Rhd1 Rxc1+ 26. Rxc1 Bf8 27. Bc4
Qa7 28. Bb3 Re5 29. Qc4 Rf5 30. Qe4 Qf2 31. h5 Rxg5 32. hxg6 hxg6 33. Qxf4 Rf5
34. Qg4 Bg7 35. Rc2 Qe1+ 36. Rc1 Qf2 37. Rc2 Qe1+ 38. Rc1 Qe5 39. Rc2 d5 40. a4
Rh5 41. Qg2 Rg5 42. Qf2 Rh5 43. Qg2 Qe3 44. Ka2 Qb6 45. f4 Qb4 46. Qd2 Qxd2 47.
Rxd2 d4 48. Bc4 Rf5 49. b4 Rxf4 50. a5 d3 51. Kb3 Bd4 52. b5 g5 53. Rxd3 Bf2 54.
b6 Rf5 55. b7 Ba7 56. Rd8+ Kg7 57. Ra8 Rxa5 58. Rxa7 Rxa7 59. b8=Q Re7 60. Qg3
f6 61. Bd3 Re5 62. Qh3 Kf7 63. Qd7+ Kf8 64. Bg6 1-0

[Event "World Rapid Women 2025"]
[Site "Doha QAT"]
[Date "2025.12.26"]
[Round "1.58"]
[White "Dimitrijevic, Aleksandra"]
[Black "Ismayil, Malak"]
[Result "0-1"]
[WhiteTitle "WGM"]
[BlackTitle "WIM"]
[WhiteElo "2063"]
[BlackElo "2138"]
[WhiteFideId "929239"]
[BlackFideId "13412604"]
[EventDate "2025.12.26"]

1. d4 Nf6 2. c4 e6 3. g3 d5 4. Nf3 Bb4+ 5. Bd2 Qe7 6. Bg2 O-O 7. O-O Ne4 8. Be3
c6 9. Ne5 f6 10. Nd3 Bd6 11. Nd2 f5 12. c5 Bc7 13. Bf4 b6 14. f3 Nxd2 15. Qxd2
Ba6 16. Bxc7 Qxc7 17. Nf4 Re8 18. Rac1 Nd7 19. cxb6 Qxb6 20. Kh1 e5 21. dxe5
Rxe5 22. Rfd1 Rae8 23. e4 fxe4 24. fxe4 Nf6 25. exd5 Ng4 26. Rf1 Bxf1 27. Rxf1
Ne3 28. Re1 Nxg2 29. Rxe5 Rxe5 30. Kxg2 cxd5 31. Qc3 Qe3 32. Qc8+ Re8 33. Qd7 d4
34. b4 Qe4+ 35. Kg1 h6 36. b5 g5 37. Nd3 Qe3+ 38. Kg2 Qe4+ 39. Kg1 Re7 40. Qd6
Kg7 41. a4 Qe3+ 42. Kg2 Rf7 43. Ne5 Qe2+ 44. Kh3 Qf1+ 45. Kg4 Qf5+ 46. Kh5 g4+ 0-1

[Event "World Rapid Women 2025"]
[Site "Doha QAT"]
[Date "2025.12.26"]
[Round "1.59"]
[White "Druzhinina, Olga"]
[Black "Girya, Olga"]
[Result "1/2-1/2"]
[WhiteTitle "WFM"]
[BlackTitle "GM"]
[WhiteElo "2175"]
[BlackElo "2398"]
[WhiteFideId "4141911"]
[BlackFideId "4195752"]
[EventDate "2025.12.26"]

1. e4 e5 2. Nf3 Nc6 3. Bb5 Nf6 4. d4 exd4 5. O-O a6 6. Ba4 Be7 7. Re1 b5 8. e5
Nxe5 9. Rxe5 d6 10. Re1 bxa4 11. Nxd4 Bd7 12. Qf3 O-O 13. Nc6 Bxc6 14. Qxc6 Re8
15. Nc3 a3 16. b3 Qd7 17. Qxd7 Nxd7 18. Nd5 Bf6 19. Nxf6+ Nxf6 20. Bxa3 Re6 21.
Bb2 1/2-1/2

[Event "World Rapid Women 2025"]
[Site "Doha QAT"]
[Date "2025.12.26"]
[Round "1.60"]
[White "Fataliyeva, Ulviyya"]
[Black "Lesbekova, Assel"]
[Result "1-0"]
[WhiteTitle "IM"]
[BlackTitle "WCM"]
[WhiteElo "2434"]
[BlackElo "1948"]
[WhiteFideId "13403052"]
[BlackFideId "13713248"]
[EventDate "2025.12.26"]

1. e4 Nc6 2. d4 d5 3. e5 Bf5 4. f4 e6 5. Nf3 h5 6. c3 a5 7. a4 h4 8. h3 Nh6 9.
Be3 Be7 10. Na3 Be4 11. Bf2 Nf5 12. Nd2 g5 13. Qe2 gxf4 14. Nxe4 dxe4 15. Qxe4
Bg5 16. Bd3 Nce7 17. Qxb7 Rb8 18. Qf3 Rxb2 19. Nc4 Rb8 20. Nxa5 Qd5 21. Qxd5
Nxd5 22. O-O Ng3 23. Rfb1 O-O 24. c4 Nc3 25. Rxb8 Rxb8 26. Nc6 Ra8 27. a5 Nge4
28. a6 f5 29. a7 Kf7 30. Ra3 Nd1 31. Bxe4 fxe4 32. Rb3 f3 33. gxf3 e3 34. Be1 e2
35. Rb8 Be3+ 36. Kg2 Rxa7 37. Nxa7 Bxd4 38. Nc6 Ne3+ 39. Kf2 1-0

[Event "World Rapid Women 2025"]
[Site "Doha QAT"]
[Date "2025.12.26"]
[Round "1.61"]
[White "Sawan, Eman"]
[Black "Zhurova, Anna"]
[Result "0-1"]
[WhiteTitle "WFM"]
[BlackTitle "WFM"]
[WhiteElo "1960"]
[BlackElo "2299"]
[WhiteFideId "11511729"]
[BlackFideId "54113075"]
[EventDate "2025.12.26"]

1. e4 c5 2. Nf3 g6 3. d3 Bg7 4. g3 Nc6 5. Bg2 d6 6. O-O e5 7. h3 Nge7 8. c3 O-O
9. Nbd2 b5 10. a4 b4 11. Re1 h6 12. Nf1 Rb8 13. g4 f5 14. exf5 gxf5 15. gxf5
Nxf5 16. Ng3 Nce7 17. d4 bxc3 18. bxc3 cxd4 19. cxd4 exd4 20. Nh5 Bh8 21. Ra3
Ng6 22. Nh2 Nfh4 23. Bd5+ Kh7 24. Ng4 Rf5 25. Be4 Rxh5 26. Nf6+ Qxf6 27. Qxh5
Bg7 28. Rg3 Bf5 29. Bxf5 Qxf5 30. Bg5 Nf3+ 31. Rxf3 Qxg5+ 32. Qxg5 hxg5 33. Re6
Rb1+ 34. Kh2 Be5+ 35. Kg2 Nh4# 0-1

[Event "World Rapid Women 2025"]
[Site "Doha QAT"]
[Date "2025.12.26"]
[Round "1.62"]
[White "Shukhman, Anna"]
[Black "Khalilova, Madinabonu"]
[Result "1/2-1/2"]
[WhiteTitle "WGM"]
[BlackTitle "WCM"]
[WhiteElo "2431"]
[BlackElo "2241"]
[WhiteFideId "54180058"]
[BlackFideId "14223422"]
[EventDate "2025.12.26"]

1. e4 e5 2. Nc3 Nf6 3. Bc4 Nxe4 4. Qh5 Nd6 5. Qxe5+ Qe7 6. Qxe7+ Bxe7 7. Be2 Nf5
8. Nf3 Nc6 9. Nd5 Bd8 10. c3 Nce7 11. Nf4 d5 12. h4 h5 13. d4 c6 14. Ne5 g6 15.
Bd2 Ng8 16. O-O-O Nf6 17. Bd3 O-O 18. f3 Nd6 19. Rdg1 Re8 20. g4 hxg4 21. fxg4
Nfe4 22. g5 Nf2 23. Rh2 Nxd3+ 24. Nfxd3 Bf5 25. h5 Be4 26. hxg6 fxg6 27. Nf4 Kg7
28. Rh6 Bc7 29. Nexg6 Nf7 30. Nh5+ Kg8 31. Nf6+ Kg7 32. Nf4 Nxh6 33. Nxe8+ Rxe8
34. gxh6+ Kf8 35. Ng6+ Kf7 36. Ne5+ Bxe5 37. dxe5 Rxe5 38. Rg7+ Kf6 39. Rxb7 Rh5
40. Be3 Rh1+ 41. Kd2 Rh2+ 42. Ke1 Bd3 43. Bf4 Rh1+ 44. Kd2 Be4 45. Rxa7 Kf5 46.
Rf7+ Kg4 47. Be3 Rb1 48. Rg7+ Kf5 49. h7 Rxb2+ 50. Ke1 Rh2 51. Bd4 Ke6 52. Rc7
Bxh7 53. Rxc6+ Kd7 54. Ra6 Bd3 55. Ra7+ Kc6 56. Bf2 Bc4 57. a4 Rh1+ 58. Kd2 Ra1
59. Bd4 Ra2+ 60. Ke3 Bb3 61. a5 Bc4 62. Bb6 Re2+ 63. Kf4 Rc2 64. Bd4 Ra2 65. Bf6
Rf2+ 66. Kg5 Bd3 67. Bd8 Ra2 68. Rc7+ Kd6 69. Rb7 Bc4 70. Rh7 Ke5 71. Kg4 Ke4
72. Rh3 Rg2+ 73. Kh4 Rg8 74. Bg5 Rh8+ 75. Kg3 Rxh3+ 76. Kxh3 d4 77. cxd4 1/2-1/2

[Event "World Rapid Women 2025"]
[Site "Doha QAT"]
[Date "2025.12.26"]
[Round "1.63"]
[White "Khalil, Manar"]
[Black "Kulon, Klaudia"]
[Result "1/2-1/2"]
[WhiteTitle "WFM"]
[BlackTitle "IM"]
[WhiteElo "1925"]
[BlackElo "2335"]
[WhiteFideId "7604661"]
[BlackFideId "1131044"]
[EventDate "2025.12.26"]

1. e4 e5 2. Nf3 Nc6 3. d4 exd4 4. Nxd4 Nf6 5. Nxc6 bxc6 6. Bd3 d5 7. exd5 cxd5
8. O-O Be7 9. Bf4 O-O 10. Nc3 c5 11. b3 Be6 12. Nb5 c4 13. bxc4 dxc4 14. Be2 Nd5
15. Be5 Bf6 16. Qd4 a6 17. Bxf6 gxf6 18. Nc3 Nb4 19. Qh4 f5 20. Qg3+ Kh8 21.
Qe5+ Kg8 22. Qg3+ Kh8 23. Qe5+ Kg8 1/2-1/2

[Event "World Rapid Women 2025"]
[Site "Doha QAT"]
[Date "2025.12.26"]
[Round "1.64"]
[White "Berend, Elvira"]
[Black "Skaslien, Ingrid"]
[Result "1-0"]
[WhiteTitle "WGM"]
[WhiteElo "2265"]
[BlackElo "2029"]
[WhiteFideId "4000510"]
[BlackFideId "1520660"]
[EventDate "2025.12.26"]

1. Nf3 Nf6 2. c4 e6 3. b3 d5 4. Bb2 c5 5. e3 Nc6 6. cxd5 exd5 7. d4 cxd4 8. Nxd4
Bb4+ 9. Bc3 Qe7 10. a3 Bd6 11. Nxc6 bxc6 12. Be2 O-O 13. O-O a5 14. Nd2 Bf5 15.
Nf3 Ne4 16. Bb2 Rfc8 17. Nd4 Bd7 18. Bg4 Be5 19. Bxd7 Qxd7 20. Rb1 c5 21. Nf3
Bxb2 22. Rxb2 Qe6 23. Qc2 Rab8 24. h3 Qf6 25. Rbb1 Rd8 26. Rbc1 Qb6 27. Nd2 Nxd2
28. Qxd2 Qxb3 29. Rxc5 Qxa3 30. Rxa5 Rb2 31. Qxd5 Rxd5 32. Rxa3 h6 33. Ra7 Rdd2
34. g4 g6 35. Kg2 Kg7 36. Kg3 Re2 37. h4 Rbc2 38. Ra4 Rb2 39. Rf4 g5 40. hxg5
hxg5 41. Rf5 Kg6 42. Rc1 Rb6 43. Rc7 f6 44. Rd5 Re1 45. Rdd7 Rg1+ 46. Kf3 f5 47.
Rg7+ Kh6 48. gxf5 g4+ 49. Kf4 Rb4+ 50. e4 1-0